| 000 | 00787cam a2200277 4500 | ||
|---|---|---|---|
| 001 | ABS62113 | ||
| 008 | 000000n2000 000 0 eng u | ||
| 035 | _a(Sirsi) u104803 | ||
| 245 | 2 | _aA century of change | |
| 260 | _c2000 | ||
| 490 |
_aEstates Gazette _v10(11) 11 March 2000, 170-171(2) |
||
| 520 | _aHighlights major landmarks in property law over the last hundred years. | ||
| 590 | _aABS | ||
| 650 | _aPROPERTY LAW | ||
| 650 | _aRENTED ACCOMMODATION | ||
| 650 | _aSOCIAL HOUSING | ||
| 650 | _aOWNER-OCCUPIERS | ||
| 650 | _aLANDLORD AND TENANT ACT 1927 | ||
| 650 | _aRENT ACTS | ||
| 650 | _aLANDLORD AND TENANT (COVENANTS) ACT 1995 | ||
| 650 | _aLANDLORD AND TENANT ACT 1954 | ||
| 650 | _aTAXATION | ||
| 650 | _aPLANNING | ||
| 690 | _aPROPERTY | ||
| 942 | _n0 | ||
| 999 |
_c62873 _d62873 |
||